| 000 | 00582nam a2200181 i 4500 | ||
|---|---|---|---|
| 001 | 20349 | ||
| 003 | ES-MaACL | ||
| 005 | 20230906152300.0 | ||
| 007 | t| | ||
| 008 | 021111s1968 sp |||| | spa d | ||
| 100 | 1 |
_aAguilar Muñoz, Jesús. _918737 |
|
| 245 | 1 | 0 |
_aElementos de contabilidad y teneduria de libros / _cpor Jesús Aguilar Muñoz. |
| 260 |
_aMadrid : _bEscuela Central Superior de Comercio, _c[1968] |
||
| 300 |
_a165 p. ; _c31 cm. |
||
| 650 | 0 | 4 |
_aContabilidad. _911307 |
| 710 | 2 |
_aEscuela Central Superior de Comercio (Madrid) _9165119 |
|
| 852 |
_aES-MaACL _jC-35726 |
||
| 999 |
_c20349 _d20349 |
||